[Event "Barcelona Gotic op 2nd"]
[Site "Barcelona"]
[Date "2018.06.05"]
[Round "6"]
[White "Miralles Asensio, Antonio"]
[Black "Collell Rodriguez, Victor"]
[Result "1/2-1/2"]
[WhiteElo "1872"]
[BlackElo "1899"]
[PlyCount "97"]
[EventDate "2018.04.24"]
[EventType "swiss"]
[EventRounds "8"]
[EventCountry "ESP"]
[SourceTitle "EXT 2019"]
[Source "ChessBase"]
[SourceDate "2018.10.10"]
[SourceVersion "1"]
[SourceVersionDate "2018.10.10"]
[SourceQuality "1"]

1. e4 c5 2. Nc3 Nc6 3. Bb5 g6 4. Bxc6 bxc6 5. d3 Bg7 6. f4 d6 7. Nf3 e6 8. 0-0 Ne7 9. Qe1 Rb8 10. f5 exf5 11. exf5 Bxf5 12. Bg5 Rxb2 13. Ne4 Bxe4 14. Qxe4 f6 15. Rae1 0-0 16. Qe6+ Kh8 17. Ne5 dxe5 18. Bxf6 Bxf6 19. Rxf6 Rxf6 20. Qxf6+ Kg8 21. Qxe5 Qd4+ 22. Qxd4 cxd4 23. Rxe7 Rxa2 24. Rc7 Rxc2 25. Rxa7 Rc3 26. Rc7 Rxd3 27. Rxc6 Rd1+ 28. Kf2 d3 29. Ke3 d2 30. Rc2 Rh1 31. Rxd2 Rxh2 32. Kf3 Kg7 33. Kg3 Rh5 34. Ra2 Rb5 35. Ra7+ Kh6 36. Kg4 Rb4+ 37. Kh3 g5 38. g4 Rf4 39. Ra6+ Kg7 40. Ra7+ Kg6 41. Kg3 Rf6 42. Rb7 h5 43. gxh5+ Kxh5 44. Rh7+ Kg6 45. Rh8 Ra6 46. Rg8+ Kf6 47. Rf8+ Ke5 48. Kg4 Rg6 49. Rf5+ 1/2-1/2